Real or Fake Young Thug Quote - Statistics

General Stats
  • This quiz has been taken 125 times
  • The average score is 6 of 11
Answer Stats
Question Answer % Correct
"I f**ked her then washed off my d**k with the curtains inside of the phantom" Real quote
78%
“She sucking, put me in a coma, I nut on that fish on my sofa.” Real quote
73%
“I’m so geeked up I might f**k a condom.” Real quote
68%
“I just f**ked a cup of water” Real quote
66%
“Up with Jesus… Down with Santa..” Real quote
61%
"Show my kids my d**k they say they proud of me" Fake quote
54%
"Stick my d**k in the couch, I got comfortable" Fake quote
47%
"My b**ch came over and got f**ked by a kangaroo" Fake quote
41%
"Like one, two, three, four, five, bust a thousand nuts all over their eyes" Fake quote
39%
"And I'm stroking it like a golf club" Fake quote
37%
"She swallow my kids, transport her, that's a school bus" Fake quote
20%
No matching quizzes found
Score Distribution
Percent of People with Each Score
Percentile by Number Answered
Your Score History
You have not taken this quiz